Piłkarska kariera Masona Mounta. - Statystyki

Ogólne statystyki
  • Ten quiz został rozwiązany 62 razy
  • Średni wynik to 4 z 5
Statystyki odpowiedzi
Lata Drużyna % Poprawnych
2015-2017 Chelsea
100%
2018-2018 Chelsea
100%
2019-teraz Chelsea
100%
2018-2019 Derby County
46%
2017-2018 Vitesse
35%
Nie znaleziono quizów pasujących do podanych kryteriów
Rozkład punktacji
Procent ludzi z każdym wynikiem
Percentyl według liczby udzielonych odpowiedzi
Twoja historia wyników
Nie rozwiązałeś tego quizu